Formula 1 Circuit Cities #1 - Statistics

General Stats
  • This quiz has been taken 47 times
  • The average score is 13 of 15
Answer Stats
Country City % Correct
USA (1) Austin
100%
USA (3) Las Vegas
100%
Azerbaijan Baku
97%
USA (2) Miami
97%
Spain Barcelona
92%
Australia Melbourne
92%
Hungary Budapest
89%
Canada Montreal
89%
UK Silverstone
89%
Belgium Spa
89%
Netherlands Zandvoort
89%
Monaco Monte Carlo
86%
Saudi Arabia Jeddah
84%
Austria Spielberg
65%
Bahrain Sakhir
59%
No matching quizzes found
Score Distribution
Percent of People with Each Score
Percentile by Number Answered
Your Score History
You have not taken this quiz